000 00603nam a22001937a 4500
005 20161206101350.0
010 _aENG-116308
020 _a9788180902741
_c600.00
035 _aEN-99840
037 _bDBAD/PUB
082 _a181.45
100 _aJoshi,Sunanda Sharad
245 _aTrends of philosophical thought in Mahabahrat /
_cby Sunanda Sharad Joshi
260 _aDelhi
_bBhartiya Kala Prakashan
_c2011
270 _a3421-A,IInd Floor Narang Colony,Tri Nagar
_bDelhi
_e110035
300 _axiv,340p.
_c21cm(Hb)
500 _aIncludes index
942 _2ddc
_cEN
_h181.45
_mJOS
999 _c104271
_d104271